Educación + deporte : Liceo Deportivo de Grecia
Gardado en:
| Autor Principal: | |
|---|---|
| Outros autores: | |
| Formato: | Libro |
| Idioma: | Spanish |
| Publicado: |
[San José, Costa Rica]
2018
|
| Materias: |
DISEÑO ARQUITECTONICO - GRECIA (ALAJUELA, COSTA RICA)
> INSTALACIONES DEPORTIVAS - GRECIA (ALAJUELA, COSTA RICA) - DISEÑOS Y PLANOS
> ESPACIO (ARQUITECTURA) - GRECIA (ALAJUELA, COSTA RICA) - DISEÑOS Y PLANOS
> CONSTRUCCIONES PARA ESCUELAS SECUNDARIAS - GRECIA (ALAJUELA, COSTA RICA) - DISEÑOS Y PLANOS
> DISEÑO URBANO - GRECIA (ALAJUELA, COSTA RICA)
|
| Etiquetas: |
Engadir etiqueta
Sen Etiquetas, Sexa o primeiro en etiquetar este rexistro!
|
MARC
| LEADER | 00000nam a22000007a 4500 | ||
|---|---|---|---|
| 003 | EA0238 | ||
| 005 | 20230306111428.0 | ||
| 008 | 190702b2018 c a|||| |m|| 00| ||spa d | ||
| 040 | |c cru CEDI | ||
| 100 | |9 17315 |a Chinchilla Monge, Jesús Alberto | ||
| 245 | |a Educación + deporte : Liceo Deportivo de Grecia | ||
| 260 | |a [San José, Costa Rica] |c 2018 | ||
| 500 | |a Proyecto de graduación (licenciatura de arquitectura)--Universidad de Costa Rica. Faculta de Ingeniería. Escuela de Arquitectura | ||
| 501 | |a Director de Proyecto de Graduación: Arq. Sergio Álvarez Cabalceta | ||
| 610 | |x Liceo Deportivo de Grecia (Costa Rica) | ||
| 650 | |x DISEÑO ARQUITECTONICO - GRECIA (ALAJUELA, COSTA RICA) |x INSTALACIONES DEPORTIVAS - GRECIA (ALAJUELA, COSTA RICA) - DISEÑOS Y PLANOS |x ESPACIO (ARQUITECTURA) - GRECIA (ALAJUELA, COSTA RICA) - DISEÑOS Y PLANOS |x CONSTRUCCIONES PARA ESCUELAS SECUNDARIAS - GRECIA (ALAJUELA, COSTA RICA) - DISEÑOS Y PLANOS |x DISEÑO URBANO - GRECIA (ALAJUELA, COSTA RICA) |9 17316 | ||
| 700 | |9 108 |a Alvarez Cabalceta, Sergio, 1958- |d Director del TFG | ||
| 942 | |c CEDI |h TFG EA-238 |6 TFG_EA238 | ||
| 999 | |c 21715 |d 21715 | ||
